The Emergence of Early Yiddish Literature : Cultural Translation in Ashkenaz /
While much early Yiddish literature belonged to pious genres, quasi-secular genres--epic, drama, and lyric--also developed. Jerold Frakes contends that the historical context of the emergence of Yiddish literature is an essential factor in any understanding of its cultural relevance in a time and pl...
| Cote: | Libro Electrónico |
|---|---|
| Auteur principal: | |
| Format: | Électronique eBook |
| Langue: | Inglés |
| Publié: |
Baltimore, Maryland :
Project Muse,
2017
|
| Collection: | German Jewish cultures.
Book collections on Project MUSE. |
| Sujets: | |
| Accès en ligne: | Texto completo |
MARC
| LEADER | 00000cam a22000004a 4500 | ||
|---|---|---|---|
| 001 | musev2_55232 | ||
| 003 | MdBmJHUP | ||
| 005 | 20230905045708.0 | ||
| 006 | m o d | ||
| 007 | cr||||||||nn|n | ||
| 008 | 170817s2017 inu o 00 0 eng d | ||
| 020 | |a 9780253025685 | ||
| 020 | |z 9780253025517 | ||
| 035 | |a (OCoLC)1001412395 | ||
| 040 | |a MdBmJHUP |c MdBmJHUP | ||
| 050 | 4 | |a PJ5120.5 |b .F734 2017 | |
| 082 | 0 | |a 839/.109 |2 23 | |
| 100 | 1 | |a Frakes, Jerold C., |e author. | |
| 245 | 1 | 4 | |a The Emergence of Early Yiddish Literature : |b Cultural Translation in Ashkenaz / |c Jerold C. Frakes. |
| 264 | 1 | |a Baltimore, Maryland : |b Project Muse, |c 2017 | |
| 264 | 3 | |a Baltimore, Md. : |b Project MUSE, |c 2017 | |
| 264 | 4 | |c ©2017 | |
| 300 | |a 1 online resource (352 pages). | ||
| 336 | |a text |b txt |2 rdacontent | ||
| 337 | |a computer |b c |2 rdamedia | ||
| 338 | |a online resource |b cr |2 rdacarrier | ||
| 490 | 0 | |a German Jewish cultures | |
| 500 | |a Issued as part of book collections on Project MUSE. | ||
| 504 | |a Includes bibliographical references (pages 257-283) and index. | ||
| 505 | 0 | |a 1. Introduction -- 2. "Whither am i to go?" : Old Yiddish love song in a European context -- 3. (Non-)intersecting parallel lives : Pasquino in Rome and on the Rialto -- 4. Purim play as political action in diasporic Europe and/as ancient Persia -- 5. Vashti and political revolution : gender politics in a topsy-turvy world -- 6. The political liminality of Mordecai in early Ashkenaz -- 7. Feudal bridal quest turned on Its Jewish head -- 8. The other of another other : Yiddish epic's discarded Muslim enemy -- 9. Conclusion -- Appendix. Elia Levita's short poems (English translation). | |
| 506 | |a Access restricted to authorized users and institutions. | ||
| 520 | |a While much early Yiddish literature belonged to pious genres, quasi-secular genres--epic, drama, and lyric--also developed. Jerold Frakes contends that the historical context of the emergence of Yiddish literature is an essential factor in any understanding of its cultural relevance in a time and place where Jewish life was defined by expulsions, massacres, and discriminatory legislation that profoundly altered European Judaism and shook the very foundations of traditional Jewish society. | ||
| 588 | |a Description based on print version record. | ||
| 650 | 0 | |a Yiddish literature |x History and criticism. | |
| 655 | 7 | |a Electronic books. |2 local | |
| 710 | 2 | |a Project Muse, |e distributor. | |
| 776 | 1 | 8 | |i Print version: |z 9780253025517 |
| 710 | 2 | |a Project Muse. |e distributor | |
| 830 | 0 | |a German Jewish cultures. | |
| 830 | 0 | |a Book collections on Project MUSE. | |
| 856 | 4 | 0 | |z Texto completo |u https://projectmuse.uam.elogim.com/book/55232/ |
| 945 | |a Project MUSE - Custom Collection | ||
| 945 | |a Project MUSE - 2017 Complete | ||
| 945 | |a Project MUSE - 2017 Literature | ||
| 945 | |a Project MUSE - 2017 Jewish Studies | ||


